[Event "FBL 1"]
[Site "?"]
[Date "2017.03.26"]
[Round "8.5"]
[White "Straub, Natalia"]
[Black "Miturova, Magdalena"]
[Result "0-1"]
[WhiteElo "2188"]
[BlackElo "2197"]
[PlyCount "60"]
[EventDate "2016.10.22"]
[EventType "team-tourn"]
[EventCountry "GER"]
[WhiteTeam "Deizisau SF"]
[BlackTeam "Rodewischer Schachmiezen"]
[WhiteTeamCountry "GER"]
[BlackTeamCountry "GER"]

1. d4 Nf6 2. c4 e6 3. g3 d5 4. Nf3 Bb4+ 5. Bd2 Be7 6. Bg2 c6 7. Qc2 O-O 8. O-O
b6 9. Bf4 Ba6 10. Nbd2 Nbd7 11. b3 Nh5 12. e4 Nxf4 13. gxf4 Nf6 14. Rfd1 Nh5
15. f5 Nf4 16. Bf1 g6 17. Ne5 Bd6 18. Ndf3 Rc8 19. Qd2 g5 20. h4 f6 21. hxg5
fxe5 22. dxe5 Bxe5 23. f6 Bxa1 24. Qxf4 Bxf6 25. Bh3 Bg7 26. Bxe6+ Kh8 27. Qg4
Rc7 28. Bf5 Bc8 29. Nh4 Qe8 30. Rd3 Qxe4 0-1

[Event "FBL 1"]
[Site "?"]
[Date "2017.03.26"]
[Round "8.6"]
[White "Kubikova, Hana"]
[Black "Jelica, Mara"]
[Result "0-1"]
[WhiteElo "2059"]
[BlackElo "2099"]
[PlyCount "50"]
[EventDate "2016.10.22"]
[EventType "team-tourn"]
[EventCountry "GER"]
[WhiteTeam "Rodewischer Schachmiezen"]
[BlackTeam "Deizisau SF"]
[WhiteTeamCountry "GER"]
[BlackTeamCountry "GER"]

1. d4 d5 2. Nf3 Nf6 3. c4 dxc4 4. Nc3 a6 5. a4 Nc6 6. e3 Na5 7. Ne5 Be6 8. Be2
g6 9. O-O Bg7 10. Ra3 c5 11. dxc5 Qc7 12. Nf3 Qxc5 13. Nd4 Bd7 14. Qc2 O-O 15.
Bd2 e5 16. Nf3 b5 17. axb5 axb5 18. Nxb5 Qxb5 19. Rfa1 Bf5 20. Qd1 Rfd8 21.
Rxa5 Rxa5 22. Rxa5 Qxb2 23. Bxc4 Bg4 24. Ra2 Bxf3 25. Qxf3 Qb1+ 0-1

[Event "FBL 1"]
[Site "?"]
[Date "2017.03.26"]
[Round "8.1"]
[White "Schmidt, Jessica"]
[Black "Juhasz, Barbara"]
[Result "1/2-1/2"]
[WhiteElo "2262"]
[BlackElo "2179"]
[PlyCount "51"]
[EventDate "2016.10.22"]
[EventType "team-tourn"]
[EventCountry "GER"]
[WhiteTeam "Karlsruher SF"]
[BlackTeam "Erfurt SV Medizin"]
[WhiteTeamCountry "GER"]
[BlackTeamCountry "GER"]

1. d4 Nf6 2. Nf3 g6 3. Bf4 Bg7 4. e3 O-O 5. Be2 d6 6. h3 c5 7. O-O b6 8. c4 Bb7
9. Nc3 cxd4 10. exd4 d5 11. b3 Nc6 12. Rc1 Rc8 13. Nxd5 Nxd5 14. cxd5 Qxd5 15.
Bc4 Qf5 16. Qd2 e6 17. Rfd1 Rfd8 18. Qe3 Nb4 19. Nh4 Qe4 20. a3 Qxe3 21. fxe3
Nd5 22. Bxd5 Bxd5 23. b4 Bf8 24. Nf3 a5 25. Bc7 Re8 26. Bxb6 1/2-1/2

[Event "FBL 1"]
[Site "?"]
[Date "2017.03.26"]
[Round "8.2"]
[White "Troyke, Doreen"]
[Black "Mader, Manuela"]
[Result "1-0"]
[WhiteElo "2105"]
[BlackElo "2172"]
[PlyCount "83"]
[EventDate "2016.10.22"]
[EventType "team-tourn"]
[EventCountry "GER"]
[WhiteTeam "Erfurt SV Medizin"]
[BlackTeam "Karlsruher SF"]
[WhiteTeamCountry "GER"]
[BlackTeamCountry "GER"]

1. c4 Nf6 2. g3 c6 3. Bg2 d5 4. Nf3 Bf5 5. O-O e6 6. b3 Be7 7. Bb2 h6 8. d3 O-O
9. Nbd2 a5 10. a3 Na6 11. Re1 Bh7 12. Ne5 Qc7 13. d4 Rfd8 14. Rc1 Bd6 15. Ndf3
Ne4 16. e3 Rac8 17. Nd3 b6 18. Qe2 Qb7 19. Nfe5 Bf8 20. Red1 c5 21. h4 Nf6 22.
Nf4 Be4 23. f3 Bh7 24. Bh3 Nc7 25. Nfd3 a4 26. b4 dxc4 27. Nxc4 cxb4 28. Nxb4
Bxb4 29. axb4 Ncd5 30. b5 Nc7 31. Ne5 Qd5 32. Nc6 Rd7 33. e4 Qa2 34. Ra1 Qb3
35. Ra3 Qxb5 36. Qxb5 Nxb5 37. Rxa4 Bg6 38. Ne5 Rd6 39. Nxg6 Rc2 40. e5 fxg6
41. exd6 Rxb2 42. d7 1-0

[Event "FBL 1"]
[Site "?"]
[Date "2017.03.26"]
[Round "8.3"]
[White "Kiefhaber, Veronika"]
[Black "Mueller Ludwig, Kristin"]
[Result "1-0"]
[WhiteElo "2172"]
[BlackElo "2083"]
[PlyCount "39"]
[EventDate "2016.10.22"]
[EventType "team-tourn"]
[EventCountry "GER"]
[WhiteTeam "Karlsruher SF"]
[BlackTeam "Erfurt SV Medizin"]
[WhiteTeamCountry "GER"]
[BlackTeamCountry "GER"]

1. e4 e6 2. d4 d5 3. exd5 exd5 4. Nf3 Bd6 5. c4 c6 6. Nc3 Ne7 7. Bd3 h6 8. h3
Nd7 9. O-O dxc4 10. Bxc4 Nb6 11. Bb3 O-O 12. Re1 Ned5 13. Ne5 Nxc3 14. bxc3 Qf6
15. Re3 Nd5 16. Rf3 Qh4 17. Qd3 Be6 18. Bc2 f5 19. Ng6 Qe4 20. Qd1 1-0

[Event "FBL 1"]
[Site "?"]
[Date "2017.03.26"]
[Round "8.4"]
[White "Anisheva, Varvara"]
[Black "Wiesner, Paula"]
[Result "1/2-1/2"]
[WhiteElo "2132"]
[BlackElo "2034"]
[PlyCount "110"]
[EventDate "2016.10.22"]
[EventType "team-tourn"]
[EventCountry "GER"]
[WhiteTeam "Erfurt SV Medizin"]
[BlackTeam "Karlsruher SF"]
[WhiteTeamCountry "GER"]
[BlackTeamCountry "GER"]

1. e4 e6 2. d3 d5 3. Nd2 g6 4. Ngf3 Bg7 5. g3 Ne7 6. Bg2 O-O 7. O-O c5 8. Re1
Nbc6 9. c3 b5 10. e5 b4 11. Nf1 bxc3 12. bxc3 f6 13. d4 cxd4 14. cxd4 fxe5 15.
dxe5 Ba6 16. Bf4 Rb8 17. a3 Qd7 18. h4 d4 19. Qd2 d3 20. Ne3 Rb3 21. Ng4 Nd5
22. Bh6 Rfb8 23. Bxg7 Qxg7 24. Qg5 Rb2 25. Nf6+ Nxf6 26. exf6 Qd7 27. Qh6 Re2
28. Rec1 Ne5 29. Nxe5 Rxe5 30. Bc6 Qf7 31. Qf4 d2 32. Rd1 Re1+ 33. Rxe1 dxe1=Q+
34. Rxe1 Rf8 35. Qe4 Qxf6 36. Qxe6+ Qxe6 37. Rxe6 Bc4 38. Re8 Rxe8 39. Bxe8 Kg7
40. f3 Kf6 41. Kf2 Bd5 42. Ke3 h6 43. Bd7 g5 44. hxg5+ hxg5 45. f4 gxf4+ 46.
Kxf4 Bb3 47. g4 Bc2 48. Bf5 Bxf5 49. gxf5 a5 50. a4 Kf7 51. Ke5 Ke7 52. Kd5 Kf6
53. Kc5 Kxf5 54. Kb5 Ke6 55. Kxa5 Kd7 1/2-1/2

[Event "FBL 1"]
[Site "?"]
[Date "2017.03.26"]
[Round "8.5"]
[White "Brendel, Bergit"]
[Black "Umpfenbach, Carolin"]
[Result "1/2-1/2"]
[WhiteElo "2118"]
[BlackElo "2122"]
[PlyCount "126"]
[EventDate "2016.10.22"]
[EventType "team-tourn"]
[EventCountry "GER"]
[WhiteTeam "Karlsruher SF"]
[BlackTeam "Erfurt SV Medizin"]
[WhiteTeamCountry "GER"]
[BlackTeamCountry "GER"]

1. e4 e6 2. d4 d5 3. Nc3 Nf6 4. e5 Nfd7 5. f4 c5 6. Nf3 Nc6 7. Be3 Be7 8. Qd2
a6 9. dxc5 Nxc5 10. O-O-O Rb8 11. Nd4 Nxd4 12. Bxd4 b5 13. Bxc5 Bxc5 14. Ne4
Be7 15. Ng5 Qc7 16. h4 Bd7 17. Bd3 h6 18. Nf3 b4 19. Kb1 a5 20. g4 a4 21. g5 b3
22. cxb3 axb3 23. a3 Qa7 24. gxh6 gxh6 25. Rh2 Bc5 26. Qc3 Be3 27. f5 d4 28.
Qe1 exf5 29. Bc4 Be6 30. Qe2 Qc5 31. Bxe6 fxe6 32. Rg2 Rc8 33. Nd2 Qc2+ 34. Ka1
Bxd2 35. Qxd2 Qxd2 36. Rgxd2 Rg8 37. Kb1 Rg4 38. Rxd4 Rc5 39. Rxg4 fxg4 40. Rd3
Rxe5 41. Rxb3 Kd7 42. Rb7+ Kc6 43. Rg7 h5 44. Kc2 Rd5 45. b4 Rf5 46. Rh7 Kb5
47. Rh6 Re5 48. Kd3 Ka4 49. Kd4 Rf5 50. Rxe6 Kxa3 51. Rg6 Kxb4 52. Rg5 Rb5 53.
Rg8 Ka5 54. Kc4 Rf5 55. Kd4 Kb6 56. Rg6+ Kc7 57. Ke4 Rb5 58. Kf4 Kd7 59. Ke4
Ke7 60. Kf4 Kf7 61. Rh6 Kg7 62. Ra6 Rb4+ 63. Kg5 Rb5+ 1/2-1/2

[Event "FBL 1"]
[Site "?"]
[Date "2017.03.26"]
[Round "8.1"]
[White "Javakhishvili, Lela"]
[Black "Gunina, Valentina"]
[Result "1/2-1/2"]
[WhiteElo "2455"]
[BlackElo "2524"]
[PlyCount "95"]
[EventDate "2016.10.22"]
[EventType "team-tourn"]
[EventCountry "GER"]
[WhiteTeam "Schwaebisch Hall SK"]
[BlackTeam "Koenigshofen Bad SC"]
[WhiteTeamCountry "GER"]
[BlackTeamCountry "GER"]

1. d4 Nf6 2. c4 e6 3. Nf3 b6 4. g3 Bb7 5. Bg2 Bb4+ 6. Bd2 Be7 7. Nc3 O-O 8. O-O
c6 9. Rc1 d5 10. Bf4 Nh5 11. Be5 Nf6 12. Qb3 Nbd7 13. cxd5 cxd5 14. Nb5 Ne4 15.
Bc7 Qe8 16. Bf4 Qd8 17. Rc7 Ba6 18. Qa4 Nb8 19. Rfc1 g5 20. Be3 f5 21. Qb3 Qe8
22. a4 Bd8 23. R7c2 Nd7 24. Re1 Qg6 25. Ne5 Nxe5 26. dxe5 f4 27. Bd4 fxg3 28.
hxg3 Nc5 29. Bxc5 bxc5 30. e4 c4 31. Qc3 Rb8 32. Rd1 dxe4 33. Re2 Bb6 34. Qxc4
Rf3 35. Bxf3 exf3 36. Red2 Qf5 37. Rd6 Re8 38. Rxb6 axb6 39. Qc6 Rc8 40. Nc7
Be2 41. Rd7 Qxe5 42. Qxe6+ Qxe6 43. Nxe6 Rc1+ 44. Kh2 Rf1 45. Nxg5 Rxf2+ 46.
Kh3 h5 47. Ne4 Rf1 48. Nf6+ 1/2-1/2

[Event "FBL 1"]
[Site "?"]
[Date "2017.03.26"]
[Round "8.2"]
[White "Zhao, Xue"]
[Black "Batsiashvili, Nino"]
[Result "1-0"]
[WhiteElo "2505"]
[BlackElo "2492"]
[PlyCount "125"]
[EventDate "2016.10.22"]
[EventType "team-tourn"]
[EventCountry "GER"]
[WhiteTeam "Koenigshofen Bad SC"]
[BlackTeam "Schwaebisch Hall SK"]
[WhiteTeamCountry "GER"]
[BlackTeamCountry "GER"]

1. c4 e6 2. Nc3 d5 3. d4 a6 4. cxd5 exd5 5. Bf4 c6 6. e3 Bd6 7. Bxd6 Qxd6 8.
Bd3 Ne7 9. Qc2 Bg4 10. f3 Bh5 11. Nge2 Nd7 12. O-O-O Bg6 13. e4 dxe4 14. fxe4
O-O-O 15. e5 Qc7 16. Rhf1 f6 17. Nf4 Nf8 18. exf6 gxf6 19. Be4 f5 20. Bd3 Rxd4
21. Nce2 Rd8 22. Qc3 Rg8 23. Bc4 Nd5 24. Bxd5 cxd5 25. Qxc7+ Kxc7 26. Nxd5+ Kb8
27. Ne7 Rxd1+ 28. Kxd1 Rg7 29. Nxf5 Rd7+ 30. Ke1 Ne6 31. Ne3 Nc5 32. Rf8+ Ka7
33. Nf4 Bf7 34. b3 Re7 35. Ke2 Be8 36. Nfd5 Bb5+ 37. Kd2 Rd7 38. Kc2 Bd3+ 39.
Kc3 Bb1 40. Rc8 b6 41. Kb2 Be4 42. Rc7+ Rxc7 43. Nxc7 Kb7 44. Ne8 Bg6 45. Nf6
Nd3+ 46. Kc3 Nc1 47. Ned5 a5 48. a3 Bf7 49. Kc2 Ne2 50. b4 Kc6 51. Nc3 Nd4+ 52.
Kd3 Ne6 53. b5+ Kd6 54. Nce4+ Kc7 55. Nd5+ Kb8 56. Nxb6 Nf8 57. Kd4 Ng6 58.
Nd7+ Kc8 59. Ndf6 Kc7 60. Kc5 Ne5 61. b6+ Kd8 62. Kd6 Kc8 63. Nc5 1-0

[Event "FBL 1"]
[Site "?"]
[Date "2017.03.26"]
[Round "8.3"]
[White "Kashlinskaya, Alina"]
[Black "Girya, Olga"]
[Result "0-1"]
[WhiteElo "2418"]
[BlackElo "2458"]
[PlyCount "56"]
[EventDate "2016.10.22"]
[EventType "team-tourn"]
[EventCountry "GER"]
[WhiteTeam "Schwaebisch Hall SK"]
[BlackTeam "Koenigshofen Bad SC"]
[WhiteTeamCountry "GER"]
[BlackTeamCountry "GER"]

1. d4 d5 2. c4 c6 3. Nf3 Nf6 4. Nc3 dxc4 5. a4 Bf5 6. Ne5 Nbd7 7. Nxc4 Qc7 8.
g3 e5 9. dxe5 Nxe5 10. Bf4 Nfd7 11. Bg2 g5 12. Ne3 gxf4 13. Nxf5 O-O-O 14. O-O
fxg3 15. hxg3 Kb8 16. Qc2 h5 17. Rfc1 Nf6 18. Ne4 Nd5 19. a5 a6 20. Nc5 h4 21.
Nxh4 Rxh4 22. gxh4 Ng4 23. Nxa6+ bxa6 24. Qxc6 Qh2+ 25. Kf1 Qxh4 26. Kg1 Qxf2+
27. Kh1 Qh4+ 28. Kg1 Qh2+ 0-1

[Event "FBL 1"]
[Site "?"]
[Date "2017.03.26"]
[Round "8.4"]
[White "Savina, Anastasia"]
[Black "Atalik, Ekaterina"]
[Result "0-1"]
[WhiteElo "2372"]
[BlackElo "2435"]
[PlyCount "104"]
[EventDate "2016.10.22"]
[EventType "team-tourn"]
[EventCountry "GER"]
[WhiteTeam "Koenigshofen Bad SC"]
[BlackTeam "Schwaebisch Hall SK"]
[WhiteTeamCountry "GER"]
[BlackTeamCountry "GER"]

1. Nf3 d5 2. d4 Nf6 3. c4 e6 4. Nc3 Nbd7 5. Bg5 Be7 6. e3 O-O 7. Qc2 c6 8. Bd3
dxc4 9. Bxc4 a6 10. O-O h6 11. Bh4 b5 12. Be2 Bb7 13. Rfd1 Rc8 14. a4 b4 15.
Ne4 Nxe4 16. Bxe7 Qxe7 17. Qxe4 Nf6 18. Qh4 c5 19. Ne5 a5 20. Bb5 Rfd8 21. Nc4
cxd4 22. Rxd4 e5 23. Rxd8+ Qxd8 24. Nxe5 Qd5 25. Nf3 Rc2 26. Qd4 Qxd4 27. Nxd4
Rxb2 28. Bc6 Bc8 29. h3 Be6 30. Rc1 b3 31. Bb5 Rd2 32. Nxe6 fxe6 33. Bc4 b2 34.
Bxe6+ Kf8 35. Rc8+ Ke7 36. Bf5 Ne8 37. Rb8 Nd6 38. Bh7 Kf7 39. f3 g6 40. Bg8+
Ke7 41. Ba2 Nf5 42. Rb7+ Kd6 43. e4 Ng3 44. Rb6+ Ke5 45. Kh2 Ne2 46. Re6+ Kf4
47. Rc6 g5 48. Rc5 Nd4 49. Rc3 h5 50. h4 g4 51. fxg4 hxg4 52. Kh1 g3 0-1

[Event "FBL 1"]
[Site "?"]
[Date "2017.03.26"]
[Round "8.5"]
[White "Milliet, Sophie"]
[Black "Schoene, Maria"]
[Result "1-0"]
[WhiteElo "2387"]
[BlackElo "2280"]
[PlyCount "81"]
[EventDate "2016.10.22"]
[EventType "team-tourn"]
[EventCountry "GER"]
[WhiteTeam "Schwaebisch Hall SK"]
[BlackTeam "Koenigshofen Bad SC"]
[WhiteTeamCountry "GER"]
[BlackTeamCountry "GER"]

1. e4 c5 2. Nf3 d6 3. Bb5+ Bd7 4. Bxd7+ Qxd7 5. c4 Nf6 6. Nc3 g6 7. d4 cxd4 8.
Nxd4 Bg7 9. f3 O-O 10. Be3 Nc6 11. Rc1 a6 12. Nxc6 Qxc6 13. b3 e6 14. O-O b5
15. cxb5 axb5 16. Qd3 b4 17. Na4 Qa6 18. Qxa6 Rxa6 19. Rc4 Rb8 20. Rfc1 h5 21.
Rc8+ Rxc8 22. Rxc8+ Kh7 23. Rc7 e5 24. Rxf7 d5 25. Rb7 dxe4 26. Nc5 Rc6 27.
Nxe4 Nxe4 28. fxe4 Rc2 29. Kf1 Rxa2 30. Rxb4 Bf6 31. Rb7+ Kg8 32. b4 Rb2 33. b5
Rb4 34. b6 Rxe4 35. Bc5 Rc4 36. Rc7 Rc1+ 37. Ke2 Rb1 38. b7 Bd8 39. Rd7 Bg5 40.
Ba7 Rb2+ 41. Kd1 1-0

[Event "FBL 1"]
[Site "?"]
[Date "2017.03.26"]
[Round "8.6"]
[White "Schneider, Jana"]
[Black "Videnova, Iva"]
[Result "0-1"]
[WhiteElo "2274"]
[BlackElo "2370"]
[PlyCount "72"]
[EventDate "2016.10.22"]
[EventType "team-tourn"]
[EventCountry "GER"]
[WhiteTeam "Koenigshofen Bad SC"]
[BlackTeam "Schwaebisch Hall SK"]
[WhiteTeamCountry "GER"]
[BlackTeamCountry "GER"]

1. e4 c5 2. Nf3 Nc6 3. Bb5 g6 4. O-O Bg7 5. Re1 Nh6 6. c3 O-O 7. d4 cxd4 8.
cxd4 d5 9. exd5 Qxd5 10. Nc3 Qh5 11. d5 Rd8 12. Bxh6 Bxc3 13. dxc6 Rxd1 14.
Raxd1 Qxh6 15. Rd8+ Kg7 16. bxc3 a6 17. Bf1 e6 18. c7 Qf4 19. Re5 b6 20. Rd4
Qc1 21. Re3 a5 22. Rd8 Qa3 23. Re4 Qxc3 24. Rc4 Qa1 25. h4 Qxa2 26. Ne5 Qb2 27.
Nc6 a4 28. Ne7 a3 29. Nxc8 a2 30. Ne7 a1=Q 31. Rxa8 Qe1 32. Rf4 Qbc1 33. Rxf7+
Kxf7 34. Rf8+ Kxe7 35. c8=Q Qxf1+ 36. Kh2 Qxc8 0-1

[Event "FBL 1"]
[Site "?"]
[Date "2017.03.26"]
[Round "8.1"]
[White "Dengler, Dijana"]
[Black "Brandt, Carina"]
[Result "0-1"]
[WhiteElo "2046"]
[BlackElo "2042"]
[PlyCount "98"]
[EventDate "2016.10.22"]
[EventType "team-tourn"]
[EventCountry "GER"]
[WhiteTeam "Muenchen FC Bayern"]
[BlackTeam "Norderstedt TuRa Harksheide"]
[WhiteTeamCountry "GER"]
[BlackTeamCountry "GER"]

1. d4 d5 2. Nf3 Nf6 3. e3 g6 4. Bd3 Bf5 5. Bxf5 gxf5 6. Qd3 Qc8 7. c4 e6 8. Nc3
Bb4 9. Bd2 Bxc3 10. Bxc3 Nbd7 11. Rc1 c6 12. b4 Rg8 13. g3 Qc7 14. b5 cxb5 15.
cxd5 Qc4 16. Qxc4 bxc4 17. dxe6 fxe6 18. h4 h6 19. Nd2 b5 20. Ba5 Nb6 21. Ke2
Nbd5 22. a3 Ne4 23. Rhd1 Rc8 24. Kf3 Nd6 25. Nb1 Nb7 26. Bd2 a6 27. Re1 Rf8 28.
Kg2 Nd6 29. f3 h5 30. e4 fxe4 31. fxe4 Nb6 32. Bb4 Kd7 33. Ba5 Na4 34. Nc3 Nxc3
35. Bxc3 Rf7 36. e5 Nf5 37. d5 Rg8 38. Kh2 Rxg3 39. Rf1 Rd3 40. d6 Rh7 41. Rf4
Rh6 42. a4 Rg6 43. axb5 axb5 44. Bb4 Rgg3 45. Ra1 Rh3+ 46. Kg2 Rdg3+ 47. Kf2
Rh2+ 48. Ke1 Rg1+ 49. Rf1 Rxf1+ 0-1

[Event "FBL 1"]
[Site "?"]
[Date "2017.03.26"]
[Round "8.2"]
[White "Sherif, Amina"]
[Black "Dirmeier, Carolin"]
[Result "0-1"]
[WhiteElo "2080"]
[BlackElo "2029"]
[PlyCount "124"]
[EventDate "2016.10.22"]
[EventType "team-tourn"]
[EventCountry "GER"]
[WhiteTeam "Norderstedt TuRa Harksheide"]
[BlackTeam "Muenchen FC Bayern"]
[WhiteTeamCountry "GER"]
[BlackTeamCountry "GER"]

1. e4 c5 2. Nf3 Nc6 3. d4 cxd4 4. Nxd4 Nf6 5. Nc3 e5 6. Ndb5 d6 7. Nd5 Nxd5 8.
exd5 Ne7 9. c4 Ng6 10. Qa4 Bd7 11. Qb4 Qb8 12. h4 a6 13. Na3 h5 14. Be3 f5 15.
Be2 Be7 16. g3 Nf8 17. Qc3 Qc7 18. Rb1 g6 19. Kf1 Nh7 20. Qb4 Rc8 21. Bb6 Qb8
22. Kg2 Nf6 23. Rbc1 O-O 24. Qd2 Kg7 25. b4 Rf7 26. Bf3 Kh7 27. Rhd1 Rcf8 28.
Be3 b6 29. c5 bxc5 30. bxc5 f4 31. gxf4 Ng4 32. Nc4 Nxe3+ 33. fxe3 exf4 34. e4
dxc5 35. e5 Bb5 36. e6 Rf5 37. Kh3 Bxc4 38. Rxc4 Qd6 39. Rg1 Rg8 40. Rc2 Qe5
41. Qe1 Qd6 42. Qe4 Kh6 43. Rcg2 Qe5 44. Re2 Qf6 45. Kg2 Qxh4 46. Kf1 Qf6 47.
Qd3 Rd8 48. Be4 f3 49. Rd2 Rg5 50. Rxg5 Qxg5 51. Bxf3 Rf8 52. Ke2 Bd6 53. Rd1
Qf4 54. Rf1 Rf5 55. Qxa6 Re5+ 56. Kd1 Qd4+ 57. Kc2 Re3 58. Be2 Qc3+ 59. Kb1 Be5
60. Qb5 Qa1+ 61. Kc2 Qxa2+ 62. Kc1 Rxe2 0-1

[Event "FBL 1"]
[Site "?"]
[Date "2017.03.26"]
[Round "8.3"]
[White "Ankerst, Milka"]
[Black "Diederichs, Luise"]
[Result "1/2-1/2"]
[WhiteElo "2074"]
[BlackElo "1971"]
[PlyCount "112"]
[EventDate "2016.10.22"]
[EventType "team-tourn"]
[EventCountry "GER"]
[WhiteTeam "Muenchen FC Bayern"]
[BlackTeam "Norderstedt TuRa Harksheide"]
[WhiteTeamCountry "GER"]
[BlackTeamCountry "GER"]

1. e4 c5 2. Nf3 d6 3. d4 cxd4 4. Nxd4 Nf6 5. Nc3 a6 6. Be3 e5 7. Nb3 Be6 8. f3
Be7 9. Qd2 Qc7 10. Be2 O-O 11. O-O b5 12. f4 Nbd7 13. Nd5 Bxd5 14. exd5 Ne4 15.
Qd3 f5 16. Rad1 Rac8 17. c3 Ndc5 18. Qc2 g6 19. Kh1 Bf6 20. Nxc5 Nxc5 21. b3
Ne4 22. c4 bxc4 23. Bxc4 Rfe8 24. fxe5 Bxe5 25. Bd4 Bxd4 26. Rxd4 Qb6 27. Rdd1
Re5 28. g3 Rce8 29. Qb2 a5 30. Qd4 Qb4 31. Kg2 Nc5 32. Qd2 Kg7 33. Qb2 Kf7 34.
g4 Ne4 35. Rde1 Qd2+ 36. Qxd2 Nxd2 37. Rxe5 Rxe5 38. Rf4 Nxc4 39. bxc4 Re2+ 40.
Kg3 Rxa2 41. gxf5 Rc2 42. fxg6+ Kxg6 43. Re4 a4 44. Re6+ Kf5 45. Rxd6 Rxc4 46.
Ra6 Rd4 47. h3 Rd3+ 48. Kh4 a3 49. Ra7 Ke5 50. Ra5 Kd6 51. Kg4 Rd4+ 52. Kg3
Rd3+ 53. Kg4 h5+ 54. Kh4 Rd4+ 55. Kg3 Rd3+ 56. Kh4 Rd4+ 1/2-1/2

[Event "FBL 1"]
[Site "?"]
[Date "2017.03.26"]
[Round "8.4"]
[White "Waechter, Nathalie"]
[Black "Spiel, Marianne"]
[Result "0-1"]
[WhiteElo "1993"]
[BlackElo "1931"]
[PlyCount "120"]
[EventDate "2016.10.22"]
[EventType "team-tourn"]
[EventCountry "GER"]
[WhiteTeam "Norderstedt TuRa Harksheide"]
[BlackTeam "Muenchen FC Bayern"]
[WhiteTeamCountry "GER"]
[BlackTeamCountry "GER"]

1. d4 Nf6 2. c4 e6 3. Nc3 d5 4. cxd5 exd5 5. Bg5 c6 6. e3 Be7 7. Qc2 O-O 8. Bd3
Bg4 9. h3 Bh5 10. Bxf6 Bxf6 11. Bxh7+ Kh8 12. g4 g6 13. gxh5 Kxh7 14. Nge2 Qd7
15. Rg1 Qf5 16. hxg6+ fxg6 17. Qxf5 gxf5 18. Nf4 Nd7 19. Kd2 Rg8 20. Nce2 Bh4
21. Rg2 Nf6 22. f3 Rxg2 23. Nxg2 Bg5 24. Ng3 Kg6 25. f4 Bh6 26. Nh4+ Kf7 27.
Nhxf5 Bf8 28. a3 Be7 29. Rg1 Rh8 30. Nxe7 Kxe7 31. h4 Kf7 32. h5 Rh7 33. Rh1
Rg7 34. Rh3 Rxg3 35. Rxg3 Ne4+ 36. Ke2 Nxg3+ 37. Kf3 Nxh5 38. Kg4 Nf6+ 39. Kf5
Ke7 40. b4 Ne4 41. Kg6 Nd6 42. f5 Nc4 43. Kg7 Nxe3 44. f6+ Ke6 45. f7 Nf5+ 46.
Kg6 Nh4+ 47. Kg7 Nf5+ 48. Kg6 Ke7 49. Kxf5 Kxf7 50. a4 Ke7 51. Ke5 Kd7 52. a5
Ke7 53. Kf5 Kd6 54. Kf6 b6 55. axb6 axb6 56. Kf5 c5 57. bxc5+ bxc5 58. dxc5+
Kxc5 59. Kf4 Kd4 60. Kf3 Kd3 0-1

[Event "FBL 1"]
[Site "?"]
[Date "2017.03.26"]
[Round "8.5"]
[White "Schenk, Stefanie"]
[Black "Polert, Annika"]
[Result "1-0"]
[WhiteElo "2080"]
[BlackElo "1892"]
[PlyCount "117"]
[EventDate "2016.10.22"]
[EventType "team-tourn"]
[EventCountry "GER"]
[WhiteTeam "Muenchen FC Bayern"]
[BlackTeam "Norderstedt TuRa Harksheide"]
[WhiteTeamCountry "GER"]
[BlackTeamCountry "GER"]

1. Nf3 c5 2. g3 Nc6 3. Bg2 g6 4. O-O Bg7 5. d3 e5 6. e4 Nge7 7. a4 O-O 8. c3 d5
9. Qe2 h6 10. Nbd2 d4 11. Ne1 Be6 12. Nc4 Bxc4 13. dxc4 Na5 14. Rb1 Qc7 15.
cxd4 cxd4 16. b3 Rad8 17. Ba3 Rfe8 18. Nd3 b6 19. Rfc1 Nb7 20. c5 bxc5 21. Bxc5
Nxc5 22. Rxc5 Qb6 23. Rb5 Qd6 24. Bh3 Rb8 25. Rc5 f5 26. b4 Qa6 27. Qa2+ Kh7
28. b5 Qd6 29. Bg2 Rec8 30. Rbc1 Rxc5 31. Rxc5 Rc8 32. Rxc8 Nxc8 33. Qf7 Qe7
34. Qxe7 Nxe7 35. a5 Nc8 36. Nc5 Bf8 37. Nd7 Bb4 38. b6 axb6 39. axb6 Nd6 40.
exf5 e4 41. fxg6+ Kg7 42. b7 Nxb7 43. Bxe4 Nc5 44. Nxc5 Bxc5 45. Kf1 Be7 46. f4
Bf6 47. Ke2 Kf8 48. Kd3 Kg7 49. Kc4 Kf8 50. Kd5 Ke7 51. g4 Bh4 52. Kxd4 Bf6+
53. Kd5 Bh4 54. Ke5 Bf6+ 55. Kf5 Bh4 56. Bd5 Bf6 57. g5 hxg5 58. fxg5 Bc3 59.
h4 1-0

[Event "FBL 1"]
[Site "?"]
[Date "2017.03.26"]
[Round "8.6"]
[White "Koehler, Inken"]
[Black "Klenk, Sofie"]
[Result "0-1"]
[WhiteElo "1944"]
[BlackElo "1872"]
[PlyCount "76"]
[EventDate "2016.10.22"]
[EventType "team-tourn"]
[EventCountry "GER"]
[WhiteTeam "Norderstedt TuRa Harksheide"]
[BlackTeam "Muenchen FC Bayern"]
[WhiteTeamCountry "GER"]
[BlackTeamCountry "GER"]

1. e4 c5 2. d4 cxd4 3. c3 dxc3 4. Nxc3 Nc6 5. Nf3 d6 6. Bc4 a6 7. O-O Nf6 8.
Qe2 Bg4 9. Rd1 e6 10. Bf4 Qb8 11. Rac1 Be7 12. Bb3 O-O 13. Na4 Nd7 14. h3 Bxf3
15. Qxf3 Rc8 16. Qd3 b5 17. Bxd6 Qxd6 18. Qxd6 Bxd6 19. Rxd6 bxa4 20. Bxa4 Nce5
21. Rxc8+ Rxc8 22. Bxd7 Rd8 23. Rxa6 Nxd7 24. Rd6 Kf8 25. Kf1 Ke7 26. Ra6 Ne5
27. Ke2 Nd3 28. Ra7+ Kf6 29. Rb7 Nc1+ 30. Ke3 Nxa2 31. b4 e5 32. f4 exf4+ 33.
Kxf4 Rd4 34. Rb6+ Ke7 35. b5 Nc3 36. Rb7+ Rd7 37. Rb8 Na4 38. Ke3 Nc5 0-1

[Event "FBL 1"]
[Site "?"]
[Date "2017.04.29"]
[Round "9.3"]
[White "Jussupow, Nadia"]
[Black "Stangl, Anita"]
[Result "1-0"]
[WhiteElo "2163"]
[BlackElo "2053"]
[PlyCount "101"]
[EventDate "2016.10.22"]
[EventType "team-tourn"]
[EventCountry "GER"]
[WhiteTeam "Augsburg SG"]
[BlackTeam "Muenchen FC Bayern"]
[WhiteTeamCountry "GER"]
[BlackTeamCountry "GER"]

1. e4 e6 2. d4 d5 3. Nc3 Nf6 4. e5 Nfd7 5. f4 c5 6. Nf3 Nc6 7. Be3 Qb6 8. a3
cxd4 9. Nxd4 Bc5 10. Ncb5 Nxd4 11. Bxd4 O-O 12. b4 Bxd4 13. Qxd4 Qc6 14. Bd3 a5
15. O-O b6 16. Nd6 f6 17. Bb5 Qc7 18. c4 axb4 19. cxd5 bxa3 20. dxe6 Nc5 21. f5
Ba6 22. Bxa6 Rxa6 23. exf6 gxf6 24. Nb5 Qe7 25. Rxa3 Rxa3 26. Nxa3 Nxe6 27.
fxe6 Qxa3 28. Qxb6 Qe7 29. Qc6 Rd8 30. Re1 Qa7+ 31. Kh1 Qe3 32. Qc1 Qxc1 33.
Rxc1 Re8 34. Rc6 f5 35. h4 Kg7 36. Kh2 Re7 37. Kg3 Kf6 38. Kf4 Rg7 39. e7+ Kf7
40. Rc8 Kxe7 41. Rc7+ Kf6 42. Rxg7 Kxg7 43. Kxf5 Kf7 44. h5 Kg7 45. Kg5 Kg8 46.
Kh6 Kh8 47. g4 Kg8 48. g5 Kh8 49. g6 hxg6 50. hxg6 Kg8 51. g7 1-0

[Event "FBL 1"]
[Site "?"]
[Date "2017.04.29"]
[Round "9.6"]
[White "Ankerst, Milka"]
[Black "Braun, Kristin"]
[Result "1/2-1/2"]
[WhiteElo "2064"]
[BlackElo "1837"]
[PlyCount "99"]
[EventDate "2016.10.22"]
[EventType "team-tourn"]
[EventCountry "GER"]
[WhiteTeam "Muenchen FC Bayern"]
[BlackTeam "Augsburg SG"]
[WhiteTeamCountry "GER"]
[BlackTeamCountry "GER"]

1. e4 c5 2. Nf3 d6 3. d4 cxd4 4. Nxd4 Nf6 5. Nc3 g6 6. Be3 Bg7 7. f3 Nc6 8. Bc4
O-O 9. Qd2 Bd7 10. O-O-O Rc8 11. Bb3 Ne5 12. h4 h5 13. Kb1 Nc4 14. Bxc4 Rxc4
15. Nde2 Qa5 16. Nd5 Qd8 17. Nxf6+ Bxf6 18. Bd4 Bg7 19. g4 hxg4 20. f4 g3 21.
f5 e5 22. fxe6 g2 23. Rh2 Bxe6 24. Bxg7 Kxg7 25. Ng3 Bg4 26. Re1 Rh8 27. Rxg2
Rxh4 28. Qd3 Rc6 29. Qd4+ Kg8 30. Rf2 Be6 31. Qd2 Ra6 32. b3 Qa5 33. Qxa5 Rxa5
34. Rd1 d5 35. exd5 Rxd5 36. Re1 Rhd4 37. Kb2 Rd2 38. Rf3 Rg2 39. Ne4 Rd8 40.
Rf2 Rxf2 41. Nxf2 Kf8 42. Nd3 Bf5 43. Kc3 Re8 44. Rg1 Re2 45. a4 Ke7 46. b4 Kf6
47. b5 g5 48. a5 g4 49. Ne1 Re3+ 50. Kb4 1/2-1/2